Nyerere on Education, Nyerere Kuhusu Elimu: (Record no. 6708)
[ view plain ]
| 000 -LEADER | |
|---|---|
| fixed length control field | 00464nam a22001337a 4500 |
| 008 - FIXED-LENGTH DATA ELEMENTS--GENERAL INFORMATION | |
| fixed length control field | 200324b ||||| |||| 00| 0 eng d |
| 020 ## - INTERNATIONAL STANDARD BOOK NUMBER | |
| International Standard Book Number | 9987-423-16-7 |
| 082 ## - DEWEY DECIMAL CLASSIFICATION NUMBER | |
| Edition number | 370 NYE |
| 245 ## - TITLE STATEMENT | |
| Title | Nyerere on Education, Nyerere Kuhusu Elimu: |
| Remainder of title | Selected Essays and Speeches 1961-1997/ |
| Statement of responsibility, etc. | Edited by Elieishi Lema, Issa Omari, Rakesh Rajani.- |
| Medium | English. |
| 260 ## - PUBLICATION, DISTRIBUTION, ETC. (IMPRINT) | |
| Place of publication, distribution, etc. | Dar Es Salaam: |
| Name of publisher, distributor, etc. | Hakielimu, |
| Date of publication, distribution, etc. | 2006. |
| 300 ## - PHYSICAL DESCRIPTION | |
| Extent | xiii, 212p; |
| Dimensions | 21cm.- |
| 650 ## - SUBJECT ADDED ENTRY--TOPICAL TERM | |
| Source of heading or term | EDUCATION |
| 942 ## - ADDED ENTRY ELEMENTS (KOHA) | |
| Source of classification or shelving scheme | Dewey Decimal Classification |
| Koha item type | BOOKS |
No items available.
